00830nam a2200253Ia 4500001000900000003000500009005001700014008004100031010001100072040000900083082001300092100003400105245008300139260004100222300001100263400003200274650003700306901001300343902000600356905006300362942001500425999001900440952011700459dia_1772CHAP20230327095432.0220117s1978 xx 000 0 und d a172311 cCHAP a631.2 V3 aValle Arribas, José9117576 aConstrucciones Rurales, al Alcance del Agricultor /c por José Valle Arribas aBarcelona, España :b AEDOS,c1978 a275 p. aBIBLIOTECA AGRÍCOLA AEDOS a1.Construcciones rurales9151530 a631.2 V3 aM a0000001978 BARA 0000000000ESP00 cLIBRO2ddc c172311d172311 00102ddc40708GRALaIA_bIA_d2022-01-18f1l0o631.2 V3pdia_1841r2022-01-18 00:00:00t1w2022-01-18yLIBRO